TV Shows Cut Off at 'G' Quiz Stats

 Plays Quiz Updated Jan 7, 2019

Support Sporcle.
Go Orange.
Score 0/24 Timer 06:00
1 Play Today
Cut Off At 'G' TV Show % Correct
CHARLIE'S ANGELS
97%
ENTERTAINMENT TONIGHT
94.8%
WILL &GRACE
94.7%
SABRINA, THE TEENAGE WITCH
94.4%
STAR TREK: THE NEXTGENERATION
94.2%
2 BROKEGIRLS
92.9%
THE JERRY SPRINGER SHOW
92.8%
SATURDAY NIGHT LIVE
92.6%
FREAKS ANDGEEKS
91.7%
EMERGENCY!
88.7%
FARGO
87.6%
FRIDAY NIGHT LIGHTS
87.1%
Cut Off At 'G' TV Show % Correct
CAPTAIN KANGAROO
84.3%
QUICK DRAW MCGRAW
83.4%
SAVED BY THE BELL: THE COLLEGE YEARS
81.9%
THE LEAGUE
80.6%
MOONLIGHTING
75.7%
WINGS
69%
ROWAN & MARTIN'S LAUGH-IN
66.4%
SPEED BUGGY
64.4%
MAN WITHOUT AGUN
54.4%
LAND OF THEGIANTS
52.7%
LOUGRANT
51%
SMARTGUY
48.2%

From the Vault

Vocabulary Blitz III

by iglew

Language 60s
Ready to prove you have dominating diction?
Remove Ads.
Support Sporcle.
Get the best of Sporcle when you Go Orange. This ad-free experience offers more features, more stats, and more fun while also helping to support Sporcle. Thank you for becoming a member.

Show Comments

Extras

Top Quizzes Today


Score Distribution

Your Account Isn't Verified!

In order to create a playlist on Sporcle, you need to verify the email address you used during registration. Go to your Sporcle Settings to finish the process.

Report this User

Report this user for behavior that violates our Community Guidelines.

Details: